[Event "Moscow-chT"]
[Site "Moscow"]
[Date "2016.10.30"]
[Round "8.1"]
[White "Pugachev, Artem"]
[Black "Ulko, Jaroslav"]
[Result "1/2-1/2"]
[WhiteElo "2194"]
[BlackElo "2452"]
[PlyCount "73"]
[EventDate "2016.10.18"]
[EventType "team-swiss"]
[EventRounds "9"]
[EventCountry "RUS"]
[SourceTitle "CBM 175 Extra"]
[Source "ChessBase"]
[SourceDate "2016.12.12"]
[SourceVersion "1"]
[SourceVersionDate "2016.12.12"]
[SourceQuality "1"]
[WhiteTeam "Gogol Mogol"]
[BlackTeam "Automatika"]
[WhiteTeamCountry "RUS"]
[BlackTeamCountry "RUS"]

1. e4 c5 2. Nf3 e6 3. d4 cxd4 4. Nxd4 Nc6 5. Nxc6 bxc6 6. Bd3 Nf6 7. 0-0 Qc7 8. Qe2 d5 9. Nd2 Bd6 10. Kh1 0-0 11. c4 Bb7 12. b3 c5 13. cxd5 exd5 14. Bb2 Nxe4 15. Nxe4 dxe4 16. Bxe4 Rae8 17. Qg4 Be5 18. Bxe5 Rxe5 19. Bxb7 Qxb7 20. Rfe1 Rfe8 21. Rxe5 Rxe5 22. Rd1 h6 23. Qf4 Qd5 24. Qc1 Qe4 25. Kg1 Qe2 26. a4 Re4 27. g3 Qf3 28. Rd8+ Kh7 29. Qd1 Qxd1+ 30. Rxd1 Rb4 31. Rd7 Kg6 32. Rxa7 Rxb3 33. Rc7 Ra3 34. Rc6+ f6 35. Rxc5 Rxa4 36. h4 h5 37. Kg2 1/2-1/2

[Event "EU-ch blitz"]
[Site "Minsk"]
[Date "2015.12.18"]
[Round "3.44"]
[White "Shtembuliak, Evgeny"]
[Black "Pugachev, Artem"]
[Result "1-0"]
[WhiteElo "2420"]
[BlackElo "2215"]
[PlyCount "59"]
[EventDate "2015.12.18"]
[EventType "swiss (blitz)"]
[EventRounds "22"]
[EventCountry "BLR"]
[SourceTitle "EXT 2017"]
[Source "ChessBase"]
[SourceDate "2016.10.25"]
[SourceVersion "1"]
[SourceVersionDate "2016.10.25"]
[SourceQuality "1"]

1. Nf3 Nf6 2. g3 b6 3. Bg2 Bb7 4. 0-0 c5 5. d3 e6 6. e4 d6 7. Nbd2 Nbd7 8. Re1 Be7 9. Nf1 0-0 10. h3 Qc7 11. g4 g6 12. Ng3 Rac8 13. g5 Ne8 14. Nh2 Ng7 15. Ng4 e5 16. f4 exf4 17. Bxf4 Ne6 18. Qd2 c4 19. Be3 cxd3 20. c3 f6 21. gxf6 Nxf6 22. Nxf6+ Bxf6 23. Qxd3 Be5 24. Ne2 Nc5 25. Qc2 Qe7 26. Rf1 Qh4 27. Rxf8+ Rxf8 28. b4 Ne6 29. Qb3 Kh8 30. Qxe6 1-0

[Event "Moscow-chT U26 final"]
[Site "Moscow"]
[Date "2010.11.07"]
[Round "1"]
[White "Popov, Ivan1"]
[Black "Pugachev, Artem"]
[Result "1-0"]
[WhiteElo "2606"]
[BlackElo "1965"]
[PlyCount "71"]
[EventDate "2010.11.07"]
[EventType "team-tourn"]
[EventRounds "9"]
[EventCountry "RUS"]
[SourceTitle "CBM 139 Extra"]
[Source "ChessBase"]
[SourceDate "2011.01.05"]
[SourceVersion "1"]
[SourceVersionDate "2011.01.05"]
[SourceQuality "1"]

1. d4 Nf6 2. c4 c5 3. d5 b5 4. f3 g6 5. e4 d6 6. Ne2 bxc4 7. Nec3 Bg7 8. Bxc4 0-0 9. a4 Nbd7 10. a5 Ne8 11. f4 Nc7 12. Qd3 Rb8 13. Na3 Bb7 14. 0-0 Qc8 15. Ncb5 Ra8 16. Nxc7 Qxc7 17. Nb5 Qb8 18. Ra2 a6 19. Na3 Nf6 20. Re1 Ne8 21. Bd2 Nc7 22. Bc3 Bc8 23. e5 Bf5 24. Qe2 Bd7 25. b3 Nb5 26. Nxb5 Bxb5 27. Qd3 Bd7 28. Rae2 Bf5 29. Qf3 h5 30. h3 Ra7 31. g4 hxg4 32. hxg4 Bd7 33. Rh2 Qc8 34. Qh3 Re8 35. Qh7+ Kf8 36. e6 1-0